<The> prosperity of vice <a> worried view of economics
Saved in:
| Main Author: | |
|---|---|
| Format: | Book |
| Language: | English |
| Published: |
Cambridge
<The> MIT Press
2012
|
| Subjects: | |
| Tags: |
No Tags, Be the first to tag this record!
|
MARC
| LEADER | 00000nam a2200000 4500 | ||
|---|---|---|---|
| 001 | 0172039 | ||
| 005 | 20250225120532.7 | ||
| 020 | |a 978-0-262-30143-5 | ||
| 041 | 0 | |a eng | |
| 044 | |a US | ||
| 245 | 1 | 0 | |a <The> prosperity of vice |b <a> worried view of economics |c Daniel Cohen |
| 264 | 1 | |a Cambridge |b <The> MIT Press |c 2012 | |
| 300 | |a online [xx, 216 p.] | ||
| 500 | |a EBSCO e-books Economics Collection 2012 | ||
| 610 | 2 | 0 | |a veda ekonomická |
| 610 | 2 | 0 | |a teórie ekonomické |
| 610 | 2 | 0 | |a rozvoj hospodársky |
| 610 | 2 | 0 | |a kríza hospodárska |
| 610 | 2 | 0 | |a kríza finančná |
| 610 | 2 | 0 | |a prosperita ekonomická |
| 610 | 2 | 0 | |a depresia |
| 610 | 2 | 0 | |a globalizácia |
| 610 | 2 | 0 | |a India |
| 610 | 2 | 0 | |a Čína |
| 610 | 2 | 0 | |a ekológia |
| 100 | 1 | |a Cohen, Daniel | |